000 00511nam a2200133 a 4500
008 120416s1971 ||||||||||||||||| || u
050 _aNA 6083 Ros
100 _aRostem, Osman R
245 1 4 _aThe architecture of the Mosque of Sultan Hasan
260 _aBeirut
_bBeirut Arab University
_c1971
300 _avii, 65p. : ill.
350 _a0.00
995 _D0.00
_FCBU-MAIN LIBRARY (Kitwe)
_H1
_I0.00
_M1
_UWEEDED
_VAug 30, 2017
_ZMain Library Open Access Collection
999 _c34803
_d34803